000 00793cam a2200241 a 4500
001 000003409
005 20200929150431.0
008 990518s2001 sp 000 f spa
020 _a8401328543
040 _aDO-SdBNP
_bspa
_cBNPHU
041 1 7 _aspa
_heng
082 _a813.54
_bG347p, 2001
100 1 _aGeorge, Elizabeth,
_d1949-
_910629
240 1 0 _aIn pursuit of the proper sinner.
_lEspañol
245 1 3 _aEl peso de la culpa /
_cElizabeth George ; traductor, Eduardo G. Murillo.
250 _a2a ed.
260 _aBarcelona :
_bPlaza & Janés,
_c2001.
300 _a634 p. ;
_c23 cm.
534 _pTítulo original:
_tIn pursuit of the proper sinner
650 4 _aNovela estadounidense
_9262
650 4 _aLiteratura estadounidense
_9263
700 1 _aMurillo, Eduardo G.,
_etr.
_910630
999 _c3239
_d3239